Normal view
MARC view
- التعليم الخاص-التربية-التعلم-طرق التعلم
Entry Topical Term
001 - CONTROL NUMBER
- control field: 22745
003 - CONTROL NUMBER IDENTIFIER
- control field: JO-AjAnu
005 - DATE AND TIME OF LATEST TRANSACTION
- control field: 20230606073924.0
008 - FIXED-LENGTH DATA ELEMENTS
- fixed length control field: 230606|| aca||aabn | a|a d
040 ## - CATALOGING SOURCE
- Original cataloging agency: JO-AjAnu
- Transcribing agency: JO-AjAnu
150 ## - HEADING--TOPICAL TERM
- Topical term or geographic name entry element: التعليم الخاص-التربية-التعلم-طرق التعلم
670 ## - SOURCE DATA FOUND
- Source citation: Work cat.: (JO-AjAnu)11689: شاهين،عوني معين, author 22744, الأطفال ذوي المتلازمة داون مرشد الآباء والمعلمين